Managing of People at Work : a New Paradigm for the 21st Century.

The organizational environment in the 21st century is not what it was in the 20th Century. It metamorphosed with bulk outsourcing and computer-based decision support tools, and easily coupled with low-cost PC hardware which has created improvements in the productivity of people, resulting in reduced...

Full description

Bibliographic Details
Main Author: Chemuturi, Murali.
Format: eBook
Language:English
Published: Aalborg : River Publishers, 2019.
Edition:1st ed.
Subjects:
Online Access:Click to View
LEADER 02219nam a22003493i 4500
001 EBC30251820
003 MiAaPQ
005 20231204023229.0
006 m o d |
007 cr cnu||||||||
008 231204s2019 xx o ||||0 eng d
020 |a 9788770221078  |q (electronic bk.) 
035 |a (MiAaPQ)EBC30251820 
035 |a (Au-PeEL)EBL30251820 
040 |a MiAaPQ  |b eng  |e rda  |e pn  |c MiAaPQ  |d MiAaPQ 
082 0 |a 658.3 
100 1 |a Chemuturi, Murali. 
245 1 0 |a Managing of People at Work :  |b a New Paradigm for the 21st Century. 
250 |a 1st ed. 
264 1 |a Aalborg :  |b River Publishers,  |c 2019. 
264 4 |c Ã2019. 
300 |a 1 online resource (370 pages) 
336 |a text  |b txt  |2 rdacontent 
337 |a computer  |b c  |2 rdamedia 
338 |a online resource  |b cr  |2 rdacarrier 
520 |a The organizational environment in the 21st century is not what it was in the 20th Century. It metamorphosed with bulk outsourcing and computer-based decision support tools, and easily coupled with low-cost PC hardware which has created improvements in the productivity of people, resulting in reduced numbers. Managers of today manage the results expected of the position rather than managing to get things done as it was expected. In the physical sciences, academia leads the industry while in social sciences like management, marketing and economics, industry leads academia. To bridge the knowledge gap that exists between theory and practice, two practitioners from the industry share their expertise on topics from skill retention development to a model they developed to enhance motivation and morale. 
588 |a Description based on publisher supplied metadata and other sources. 
590 |a Electronic reproduction. Ann Arbor, Michigan : ProQuest Ebook Central, 2023. Available via World Wide Web. Access may be limited to ProQuest Ebook Central affiliated libraries.  
655 4 |a Electronic books. 
776 0 8 |i Print version:  |a Chemuturi, Murali  |t Managing of People at Work: a New Paradigm for the 21st Century  |d Aalborg : River Publishers,c2019 
797 2 |a ProQuest (Firm) 
856 4 0 |u https://ebookcentral.proquest.com/lib/matrademy/detail.action?docID=30251820  |z Click to View